000 00711nam a2200169Ia 4500
008 090711s9999 xx 000 0 und d
082 _b755
100 _aजाधव रा. ग.
245 _aमराठी वाIमय : स्वातंत्र्योत्तर संदर्भ
260 _bप्रतिमा प्रकाशन
_c1998
300 _a181
600 _aजाधव रा. ग.
630 _aमराठी वाIमय : स्वातंत्र्योत्तर संदर्भ
700 _aजाधव रा. ग.
730 _aमराठी वाIमय : स्वातंत्र्योत्तर संदर्भ
942 _cBOOK
999 _c333489
_d333489